000 00531nam a2200181Ia 4500
003 GCL
008 140319s9999 xx 000 0 ara d
040 _aGCL /
_cGCL
082 0 4 _a811.9
_bم ا
100 1 _aملك عبدالعزيز
245 1 0 _aالاعمال الشعرية /
_cملك عبدالعزيز
260 _a[S.N] :
_bمكتبة مدبولى ،
_c1990
300 _a732 ص
490 _a
650 0 4 _aدواوين وقصائد
650 0 4 _aالشعر العربى - العصر الحديث
942 _2ddc
_cBK
999 _c37353
_d37353